00570nam a22001457a 4500008004100000082002100041110003400062245008500096260009800181300001300279440000700292942001200299999001300311952010000324230602b xxu||||| |||| 00| 0 eng d a304.6096762bKEN bCentral Bureau of Statistics  aKenya 1999 Population and Housing CensusbAnalytical Report on Gender Dimensions aNairobi, KenyabCentral Bureau of Statistics, Ministry of Finance and PlanningcAugust , 2002 aVIII,96p vXI 2ddccBK c173d173 00102ddc4070a001b001d2023-06-02l0o304.6096762 KENp10014982r2023-06-02w2023-06-02yBK